League of Legends Quiz - Statistics

General Stats
  • This quiz has been taken 2,134 times
  • The average score is 10 of 25
Answer Stats
Hint Answer % Correct
How many total turrets are there on the Summoner's Rift map? 22
93%
How many champions have an ability that applies poison? 5
84%
Which champion's ultimate temporarily increases the size of its target? Lulu
81%
How many champions have a name that begins with the letter "L"? 7
76%
How many champions have a form of stealth? 11
74%
At what minute can a team surrender on Twisted Treeline map? 15
64%
What champion is known as "The Lady of Luminosity"? Lux
60%
Whose joke says "For my next trick, I'll make you disappear!"? Shaco
60%
What is the maximum number of rune pages you can have on one account? 20
56%
What is the name for the furry animals that can be found on the Howling Abyss map? Poros
55%
What does the acronym "ARAM" stand for? All Random All Mid
53%
How many champions were available to play at the launch of League of Legends? 40
49%
What two champions share the "Tango" skin theme? Evelynn and Twisted Fate
40%
Which champion has "an uncontrollable sadness"? Amumu
35%
Who has the passive ability "Camouflage"? Teemo
25%
How much does it cost to unlock Kha'zix using IP? 6300
23%
What is the name of Renekton's ultimate? Dominus
17%
How much RP does a "Summoner Name Change" cost? 1300
16%
What special item is only purchasable by Rengar? Bonetooth Necklace
14%
What team won the Season Two World Championships? Taipei Assassins
11%
What summoner skill allows you to reveal an area of the map for 5 seconds? Clairvoyance
9%
What item gives nothing but +15% Critical Strike Chance? Cloak of Agility
7%
How much true damage to monsters and minions does the summoner spell "Smite" do at level 11? 680
2%
In what mastery tree would you find the skill "Inspiration"? Utility
1%
What rune gives you +0.91 armor? Greater Mark of Armor
0%
No matching quizzes found
Score Distribution
Percent of People with Each Score
Percentile by Number Answered
Your Score History
You have not taken this quiz